01157 2200349 4500001002100000005001500021035002000036007000300056008004100059020002200100082001600122084001800138100003700156245017600193250003000369300003900399650002800438700002600466700003100492700003300523264003300556336002100589337003000610338002300640040002200663090002200685500001100707850001200718504003300730999002200763990002200785INLIS00000000087064720220608102019 a0010-0622000237ta220608s2022 yoia g 1 ind d a978-623-6179-12-304223a306.598 a306.598 RAC m0 aRachmi Diyah LarasatiePengarang10aMenari di atas kuburan massal :brekonstruksi budaya Indonesia pascagenosida /cRachmi Diyah Larasati; penerjemah,Zuhdi Sang, Bosman Batubara; penyunting, Achmad Choirydin aCetakan pertama, Mei 2022 axx, 249 halaman :bgambar ;c21 cm 4aKebudayaan--zIndonesia0 aZuhdi SangePengarang0 aBosman BatubaraePengarang0 aAchmad ChoirydinePenyunting31aSleman :bINSISTPress,c2022 2rdacontentateks 2rdamediaatanpa perantara 2rdacarrieravolume aYOPDYOGbinderda aCB-D.11 2022-0319 aindeks aYOPDYOG aBibliografi: halaman 235-242 aCB-D.11/2022-0319 aCB-D.11/2022-0319